UM Logo

Research methods : (Record no. 14546)

MARC details
000 -LEADER
fixed length control field 00843cam a22002535i 4500
001 - CONTROL NUMBER
control field 20062384
005 - DATE AND TIME OF LATEST TRANSACTION
control field 20191007104409.0
008 - FIXED-LENGTH DATA ELEMENTS--GENERAL INFORMATION
fixed length control field 171014t20172018si b 001 0 eng
010 ## - LIBRARY OF CONGRESS CONTROL NUMBER
LC control number 2017449036
020 ## - INTERNATIONAL STANDARD BOOK NUMBER
International Standard Book Number 978-981-3229-58-7
040 ## - CATALOGING SOURCE
Original cataloging agency DLC
Transcribing agency DLC
042 ## - AUTHENTICATION CODE
Authentication code pcc
082 ## - DEWEY DECIMAL CLASSIFICATION NUMBER
Edition number 2019
Classification number DC 001.42
Item number T153
100 1# - MAIN ENTRY--PERSONAL NAME
Personal name Tan, Willie,
Relator term author.
9 (RLIN) 40219
245 10 - TITLE STATEMENT
Title Research methods :
Remainder of title a practical guide for students and researchers /
Statement of responsibility, etc. Willie Tan, NUS, Singapore.
260 ## - PUBLICATION, DISTRIBUTION, ETC. (IMPRINT)
Place of publication, distribution, etc. New Jersey :
Name of publisher, distributor, etc. World Scientific ,
Date of publication, distribution, etc. ©2018
300 ## - PHYSICAL DESCRIPTION
Extent xii, 216 pages :
Other physical details illustrations ;
Dimensions 23 cm
504 ## - BIBLIOGRAPHY, ETC. NOTE
Bibliography, etc Includes bibliographical references and index.
650 #0 - SUBJECT ADDED ENTRY--TOPICAL TERM
Topical term or geographic name as entry element Research
General subdivision Methodology.
9 (RLIN) 40220
365 ## - TRADE PRICE
Price amount 5,593.00
Currency code Php
906 ## - LOCAL DATA ELEMENT F, LDF (RLIN)
a 0
b ibc
c origres
d 2
e ncip
f 20
g y-gencatlg
942 ## - ADDED ENTRY ELEMENTS (KOHA)
Source of classification or shelving scheme Dewey Decimal Classification
Koha item type Circulation
Holdings
Withdrawn status Lost status Source of classification or shelving scheme Damaged status Not for loan Collection code Home library Current library Shelving location Date acquired Source of acquisition Cost, normal purchase price Total Checkouts Full call number Barcode Date last seen Date last checked out Copy number Price effective from Koha item type
    Dewey Decimal Classification     Circulation UM Digos College - LIC UM Digos College - LIC Book Cart 08/08/2019 Purchased 5593.00 2 DC 001.42 T153 2018 25654 05/15/2025 03/23/2023 1 10/07/2019 Circulation